Unesco idams software. Idams user manual for micro and mainframe computers (release 3.0) (Record no. 22405)

MARC details
000 -LEADER
campo de control de longitud fija 00346nam a2200121Ia 4500
005 - FECHA Y HORA DE LA ÚLTIMA TRANSACCIÓN
campo de control 20251222144913.0
008 - DATOS DE LONGITUD FIJA--INFORMACIÓN GENERAL
campo de control de longitud fija 251222s9999||||xx |||||||||||||| ||spa||
020 ## - NÚMERO INTERNACIONAL ESTÁNDAR DEL LIBRO
Número Internacional Estándar del Libro 92- 3 - 102577- 5
082 ## - NÚMERO DE LA CLASIFICACIÓN DECIMAL DEWEY
Número de clasificación 005.74/U57
245 #0 - MENCIÓN DEL TÍTULO
Título Unesco idams software. Idams user manual for micro and mainframe computers (release 3.0)
250 ## - MENCION DE EDICION
Mención de edición 3a.ed.
942 ## - ELEMENTOS DE ENTRADA SECUNDARIOS (KOHA)
Tipo de ítem Koha Libros
Holdings
Estatus retirado Estado de pérdida Estado de daño No para préstamo Biblioteca de origen Biblioteca actual Ubicación en estantería Fecha de adquisición Total de préstamos Signatura topográfica completa Código de barras Visto por última vez Precio de reemplazo Tipo de ítem Koha
        Biblioteca Central Biblioteca Central Programa 22/12/2025   005.74/U57 0038297 22/12/2025 22/12/2025 Libros